=LDR 00000nam 2200000 4500 =001 INLIS000000000049144 =005 20221226082415 =035 ##$$a 0010-011700000000425 =008 221226################g##########0#ind## =020 ##$$a 978-602-1130-81-0 =040 ##$$a NBPDMAT =082 ##$$a R 297.410 3 =090 ##$$a R.297.410 3 $bEns e =245 ##$$a Ensiklopedia Panduan ibadah muslimah /$c Tim Redaksi ; Penyunting Endang R. =250 ##$$a Cet. 1 =260 ##$$a Surakarta :$b Ziyad Books,$c 2015 =300 ##$$a 530 hlm. : $b ilus. ; $c 28 x 20 cm =650 #4$$a Ibadah - Ensiklopadi =850 ##$$a NBPDMAT =084 ##$$a R 297.410 3 ENS e =700 #$$a Endang R. =504 ##$$a Bibliografi hlm 528-530 =990 ##$$a 21602270 =990 ##$$a 21602271 =990 ##$$a 21602272 =990 ##$$a 21602273 =990 ##$$a 21602274 =990 ##$$a 21602273 =990 ##$$a 21602270 =990 ##$$a 21602271 =990 ##$$a 21602272 =990 ##$$a 21602274 =990 ##$$a 21602272 =990 ##$$a 21602270 =990 ##$$a 21602271 =990 ##$$a 21602273 =990 ##$$a 21602274